<?xml version="1.0" encoding="UTF-8"?>
<collection xmlns="http://www.loc.gov/MARC21/slim">
 <record>
  <leader>09571nas a2201549   4500</leader>
  <controlfield tag="001">1/50316</controlfield>
  <controlfield tag="008">020708c19939999gr  x p       0   g0gre  </controlfield>
  <datafield tag="022" ind1=" " ind2=" ">
   <subfield code="a">1022-8411</subfield>
  </datafield>
  <datafield tag="035" ind1=" " ind2=" ">
   <subfield code="l">23908</subfield>
  </datafield>
  <datafield tag="040" ind1=" " ind2=" ">
   <subfield code="a">GR-PeUP</subfield>
  </datafield>
  <datafield tag="090" ind1=" " ind2=" ">
   <subfield code="a">ΚΕΤ Αλφαβητική σειρά</subfield>
  </datafield>
  <datafield tag="245" ind1="0" ind2="0">
   <subfield code="a">Συλλογή της νομολογίας του Δικαστηρίου και του Πρωτοδικείου :</subfield>
   <subfield code="b">Μέρος Ι και Μέρος ΙΙ</subfield>
  </datafield>
  <datafield tag="260" ind1=" " ind2=" ">
   <subfield code="a">Λουξεμβούργο :</subfield>
   <subfield code="b">Υπηρεσία Επισήμων Εκδόσεων των Ευρωπαϊκών Κοινοτήτων,</subfield>
   <subfield code="c">1993-</subfield>
  </datafield>
  <datafield tag="300" ind1=" " ind2=" ">
   <subfield code="a">τ. ;</subfield>
   <subfield code="c">24 εκ.</subfield>
  </datafield>
  <datafield tag="310" ind1=" " ind2=" ">
   <subfield code="a">Άτακτη</subfield>
  </datafield>
  <datafield tag="505" ind1="0" ind2=" ">
   <subfield code="a">Μέρος Ι. Δικαστήριο -- Μέρος ΙΙ. Πρωτοδικείο</subfield>
  </datafield>
  <datafield tag="546" ind1=" " ind2=" ">
   <subfield code="a">Ελληνική</subfield>
  </datafield>
  <datafield tag="650" ind1=" " ind2="4">
   <subfield code="a">Δίκαιο</subfield>
   <subfield code="z">Ευρωπαϊκή Ένωση</subfield>
   <subfield code="v">Περιοδικά.</subfield>
  </datafield>
  <datafield tag="650" ind1=" " ind2="4">
   <subfield code="a">Νομολογία</subfield>
   <subfield code="v">Περιοδικά.</subfield>
  </datafield>
  <datafield tag="710" ind1="2" ind2=" ">
   <subfield code="a">Δικαστήριο των Ευρωπαϊκών Κοινοτήτων.</subfield>
  </datafield>
  <datafield tag="852" ind1=" " ind2=" ">
   <subfield code="a">INST</subfield>
   <subfield code="b">UNIPILB</subfield>
   <subfield code="c">SERIALS</subfield>
   <subfield code="e">20060713</subfield>
   <subfield code="h">Αλφαβητική σειρά</subfield>
   <subfield code="p">NB000338</subfield>
   <subfield code="q">NB000338</subfield>
   <subfield code="t">NOLOAN</subfield>
   <subfield code="v">part.1;τεύχ.1-12:(Έτος)1993</subfield>
   <subfield code="y">23</subfield>
  </datafield>
  <datafield tag="852" ind1=" " ind2=" ">
   <subfield code="a">INST</subfield>
   <subfield code="b">UNIPILB</subfield>
   <subfield code="c">SERIALS</subfield>
   <subfield code="e">20060713</subfield>
   <subfield code="h">Αλφαβητική σειρά</subfield>
   <subfield code="p">NB000339</subfield>
   <subfield code="q">NB000339</subfield>
   <subfield code="t">NOLOAN</subfield>
   <subfield code="v">part.1;τεύχ.1-11/12:(Έτος)1994</subfield>
   <subfield code="y">23</subfield>
  </datafield>
  <datafield tag="852" ind1=" " ind2=" ">
   <subfield code="a">INST</subfield>
   <subfield code="b">UNIPILB</subfield>
   <subfield code="c">SERIALS</subfield>
   <subfield code="e">20060713</subfield>
   <subfield code="h">Αλφαβητική σειρά</subfield>
   <subfield code="p">NB000340</subfield>
   <subfield code="q">NB000340</subfield>
   <subfield code="t">NOLOAN</subfield>
   <subfield code="v">part.1;τεύχ.1-12:(Έτος)1995</subfield>
   <subfield code="y">23</subfield>
  </datafield>
  <datafield tag="852" ind1=" " ind2=" ">
   <subfield code="a">INST</subfield>
   <subfield code="b">UNIPILB</subfield>
   <subfield code="c">SERIALS</subfield>
   <subfield code="e">20070314</subfield>
   <subfield code="h">ΚΕΤ Αλφαβητική σειρά</subfield>
   <subfield code="p">54958</subfield>
   <subfield code="q">54958</subfield>
   <subfield code="t">NOLOAN</subfield>
   <subfield code="v">part.Ι;τεύχ.10Β:(Έτος)2004</subfield>
   <subfield code="y">23</subfield>
  </datafield>
  <datafield tag="852" ind1=" " ind2=" ">
   <subfield code="a">INST</subfield>
   <subfield code="b">UNIPILB</subfield>
   <subfield code="c">SERIALS</subfield>
   <subfield code="e">20070314</subfield>
   <subfield code="h">ΚΕΤ Αλφαβητική σειρά</subfield>
   <subfield code="p">54959</subfield>
   <subfield code="q">54959</subfield>
   <subfield code="t">NOLOAN</subfield>
   <subfield code="v">part.Ι;τεύχ.11Β:(Έτος)2004</subfield>
   <subfield code="y">23</subfield>
  </datafield>
  <datafield tag="852" ind1=" " ind2=" ">
   <subfield code="a">INST</subfield>
   <subfield code="b">UNIPILB</subfield>
   <subfield code="c">SERIALS</subfield>
   <subfield code="e">20070315</subfield>
   <subfield code="h">ΚΕΤ Αλφαβητική σειρά</subfield>
   <subfield code="p">54979</subfield>
   <subfield code="q">54979</subfield>
   <subfield code="t">NOLOAN</subfield>
   <subfield code="v">part.Ι;τεύχ.10Α:(Έτος)2004</subfield>
   <subfield code="y">23</subfield>
  </datafield>
  <datafield tag="852" ind1=" " ind2=" ">
   <subfield code="a">INST</subfield>
   <subfield code="b">UNIPILB</subfield>
   <subfield code="c">SERIALS</subfield>
   <subfield code="e">20070315</subfield>
   <subfield code="h">ΚΕΤ Αλφαβητική σειρά</subfield>
   <subfield code="p">54980</subfield>
   <subfield code="q">54980</subfield>
   <subfield code="t">NOLOAN</subfield>
   <subfield code="v">part.Ι;τεύχ.11Α:(Έτος)2004</subfield>
   <subfield code="y">23</subfield>
  </datafield>
  <datafield tag="852" ind1=" " ind2=" ">
   <subfield code="a">INST</subfield>
   <subfield code="b">UNIPILB</subfield>
   <subfield code="c">SERIALS</subfield>
   <subfield code="e">20070315</subfield>
   <subfield code="h">ΚΕΤ Αλφαβητική σειρά</subfield>
   <subfield code="p">54981</subfield>
   <subfield code="q">54981</subfield>
   <subfield code="t">NOLOAN</subfield>
   <subfield code="v">part.Ι;τεύχ.12:(Έτος)2004</subfield>
   <subfield code="y">23</subfield>
  </datafield>
  <datafield tag="852" ind1=" " ind2=" ">
   <subfield code="a">INST</subfield>
   <subfield code="b">UNIPILB</subfield>
   <subfield code="c">SERIALS</subfield>
   <subfield code="e">20070315</subfield>
   <subfield code="h">ΚΕΤ Αλφαβητική σειρά</subfield>
   <subfield code="p">54982</subfield>
   <subfield code="q">54982</subfield>
   <subfield code="t">NOLOAN</subfield>
   <subfield code="v">part.Ι;τεύχ.2:(Έτος)2005</subfield>
   <subfield code="y">23</subfield>
  </datafield>
  <datafield tag="852" ind1=" " ind2=" ">
   <subfield code="a">INST</subfield>
   <subfield code="b">UNIPILB</subfield>
   <subfield code="c">SERIALS</subfield>
   <subfield code="e">20070403</subfield>
   <subfield code="h">ΚΕΤ Αλφαβητική σειρά</subfield>
   <subfield code="p">55139</subfield>
   <subfield code="q">55139</subfield>
   <subfield code="t">NOLOAN</subfield>
   <subfield code="v">part.ΙΙ;τεύχ.3/4:(Έτος)2005</subfield>
   <subfield code="y">23</subfield>
  </datafield>
  <datafield tag="852" ind1=" " ind2=" ">
   <subfield code="a">INST</subfield>
   <subfield code="b">UNIPILB</subfield>
   <subfield code="c">SERIALS</subfield>
   <subfield code="e">20070403</subfield>
   <subfield code="h">ΚΕΤ Αλφαβητική σειρά</subfield>
   <subfield code="p">55140</subfield>
   <subfield code="q">55140</subfield>
   <subfield code="t">NOLOAN</subfield>
   <subfield code="v">part.Ι;τεύχ.1:(Έτος)2005</subfield>
   <subfield code="y">23</subfield>
  </datafield>
  <datafield tag="900" ind1=" " ind2=" ">
   <subfield code="a">Μέρος ΙΙ τχ. 1/2 (2005) </subfield>
   <subfield code="b">Οφειλόμενο</subfield>
   <subfield code="c">26/04/2007</subfield>
  </datafield>
  <datafield tag="900" ind1=" " ind2=" ">
   <subfield code="a">Μέρος 1 τχ. 1Α (2004) </subfield>
   <subfield code="b">Οφειλόμενο</subfield>
   <subfield code="c">12/07/2006</subfield>
  </datafield>
  <datafield tag="900" ind1=" " ind2=" ">
   <subfield code="a">Μέρος 1 τχ. 1Β (2004) </subfield>
   <subfield code="b">Οφειλόμενο</subfield>
   <subfield code="c">12/07/2006</subfield>
  </datafield>
  <datafield tag="900" ind1=" " ind2=" ">
   <subfield code="a">Μέρος ΙΙ τχ. 9/10 (2004) </subfield>
   <subfield code="b">Οφειλόμενο</subfield>
   <subfield code="c">26/04/2007</subfield>
  </datafield>
  <datafield tag="950" ind1=" " ind2=" ">
   <subfield code="a">01/01/1993</subfield>
   <subfield code="c">ΚΕΝΤΡΟ ΕΥΡΩΠΑΙΚΗΣ ΤΕΚΜΗΡΙΩΣΗΣ</subfield>
   <subfield code="d">681</subfield>
  </datafield>
  <datafield tag="951" ind1=" " ind2=" ">
   <subfield code="a">Μέρος Ι τχ. 1 (2008)</subfield>
   <subfield code="b">Main run</subfield>
  </datafield>
  <datafield tag="951" ind1=" " ind2=" ">
   <subfield code="a">Μέρος ΙΙ Πίνακας αναιρέσεων 1989-2002</subfield>
   <subfield code="b">Indexes</subfield>
  </datafield>
  <datafield tag="951" ind1=" " ind2=" ">
   <subfield code="a">Μέρος Ι τχ. 1 (1993) -  (Μέρος Ι τχ. 12 (1993)</subfield>
   <subfield code="b">Main run</subfield>
  </datafield>
  <datafield tag="951" ind1=" " ind2=" ">
   <subfield code="a">Μέρος Ι τχ. 1 (1994) -  (Μέρος Ι τχ. 11/12 (1994)</subfield>
   <subfield code="b">Main run</subfield>
  </datafield>
  <datafield tag="951" ind1=" " ind2=" ">
   <subfield code="a">Μέρος Ι τχ. 1/2 (1995) -  (Μέρος Ι τχ. 12 (1995)</subfield>
   <subfield code="b">Main run</subfield>
  </datafield>
  <datafield tag="951" ind1=" " ind2=" ">
   <subfield code="a">Μέρος Ι τχ. 1/2 (1996) -  (Μέρος Ι τχ. 12 (1996)</subfield>
   <subfield code="b">Main run</subfield>
  </datafield>
  <datafield tag="951" ind1=" " ind2=" ">
   <subfield code="a">Μέρος Ι τχ. 1 (1997) -  (Μέρος Ι τχ. 12 (1997)</subfield>
   <subfield code="b">Main run</subfield>
  </datafield>
  <datafield tag="951" ind1=" " ind2=" ">
   <subfield code="a">Μέρος Ι τχ. 1 (1998) -  (Μέρος Ι τχ. 12 (1998)</subfield>
   <subfield code="b">Main run</subfield>
  </datafield>
  <datafield tag="951" ind1=" " ind2=" ">
   <subfield code="a">Μέρος Ι τχ. 1 (1999) -  (Μέρος Ι τχ. 12 (1999)</subfield>
   <subfield code="b">Main run</subfield>
  </datafield>
  <datafield tag="951" ind1=" " ind2=" ">
   <subfield code="a">Μέρος Ι τχ. 1 (2000) -  (Μέρος Ι τχ. 12Β (2000)</subfield>
   <subfield code="b">Main run</subfield>
  </datafield>
  <datafield tag="951" ind1=" " ind2=" ">
   <subfield code="a">Μέρος Ι τχ. 1 (2001) -  (Μέρος Ι τχ. 12 (2001)</subfield>
   <subfield code="b">Main run</subfield>
  </datafield>
  <datafield tag="951" ind1=" " ind2=" ">
   <subfield code="a">Μέρος Ι τχ. 1Α (2002) -  (Μέρος Ι τχ. 12 (2002)</subfield>
   <subfield code="b">Main run</subfield>
  </datafield>
  <datafield tag="951" ind1=" " ind2=" ">
   <subfield code="a">Μέρος Ι τχ. 1 (2003) -  (Μέρος Ι τχ. 12 (2003)</subfield>
   <subfield code="b">Main run</subfield>
  </datafield>
  <datafield tag="951" ind1=" " ind2=" ">
   <subfield code="a">Μέρος ΙΙ τχ. 1/2 (1993) -  (Μέρος ΙΙ τχ. 11/12 (1993)</subfield>
   <subfield code="b">Main run</subfield>
  </datafield>
  <datafield tag="951" ind1=" " ind2=" ">
   <subfield code="a">Μέρος ΙΙ τχ. 1-3 (1994) -  (Μέρος ΙΙ τχ. 11/12 (1994)</subfield>
   <subfield code="b">Main run</subfield>
  </datafield>
  <datafield tag="951" ind1=" " ind2=" ">
   <subfield code="a">Μέρος ΙΙ τχ. 1/2 (1995) -  (Μέρος ΙΙ τχ. 11/12 (1995)</subfield>
   <subfield code="b">Main run</subfield>
  </datafield>
  <datafield tag="951" ind1=" " ind2=" ">
   <subfield code="a">Μέρος ΙΙ τχ. 1-3 (1996) -  (Μέρος ΙΙ τχ. 10-12 (1996)</subfield>
   <subfield code="b">Main run</subfield>
  </datafield>
  <datafield tag="951" ind1=" " ind2=" ">
   <subfield code="a">Μέρος ΙΙ τχ. 1/2 (1997) -  (Μέρος ΙΙ τχ. 11/12 (1997)</subfield>
   <subfield code="b">Main run</subfield>
  </datafield>
  <datafield tag="951" ind1=" " ind2=" ">
   <subfield code="a">Μέρος ΙΙ τχ. 1/2 (1998) -  (Μέρος ΙΙ τχ. 11/12 (1998)</subfield>
   <subfield code="b">Main run</subfield>
  </datafield>
  <datafield tag="951" ind1=" " ind2=" ">
   <subfield code="a">Μέρος ΙΙ τχ. 1/2 (1999) -  (Μέρος ΙΙ τχ. 11/12 (1999)</subfield>
   <subfield code="b">Main run</subfield>
  </datafield>
  <datafield tag="951" ind1=" " ind2=" ">
   <subfield code="a">Μέρος ΙΙ τχ. 1/3Α (2000) -  (Μέρος ΙΙ τχ. 11/12 (2000)</subfield>
   <subfield code="b">Main run</subfield>
  </datafield>
  <datafield tag="951" ind1=" " ind2=" ">
   <subfield code="a">Μέρος ΙΙ τχ. 12 (2001) -  (Μέρος ΙΙ τχ. 9/10 (2001)</subfield>
   <subfield code="b">Main run</subfield>
  </datafield>
  <datafield tag="951" ind1=" " ind2=" ">
   <subfield code="a">Μέρος ΙΙ τχ. 1/2 (2002) -  (Μέρος ΙΙ τχ. 11/12 (2002)</subfield>
   <subfield code="b">Main run</subfield>
  </datafield>
  <datafield tag="951" ind1=" " ind2=" ">
   <subfield code="a">Μέρος ΙΙ τχ. 1 (2003) -  (Μέρος ΙΙ τχ.10 (2003)</subfield>
   <subfield code="b">Main run</subfield>
  </datafield>
  <datafield tag="951" ind1=" " ind2=" ">
   <subfield code="a">Μέρος ΙΙ τχ. 1/2 (2004)</subfield>
   <subfield code="b">Main run</subfield>
  </datafield>
  <datafield tag="951" ind1=" " ind2=" ">
   <subfield code="a">Μέρος Ι τχ. 2 (2004)</subfield>
   <subfield code="b">Main run</subfield>
  </datafield>
  <datafield tag="951" ind1=" " ind2=" ">
   <subfield code="a">Μέρος ΙΙ τχ. 3/4 (2004)</subfield>
   <subfield code="b">Main run</subfield>
  </datafield>
  <datafield tag="951" ind1=" " ind2=" ">
   <subfield code="a">Μέρος Ι τχ. 3Α (2004)</subfield>
   <subfield code="b">Main run</subfield>
  </datafield>
  <datafield tag="951" ind1=" " ind2=" ">
   <subfield code="a">Μέρος Ι τχ. 3Β (2004)</subfield>
   <subfield code="b">Main run</subfield>
  </datafield>
  <datafield tag="951" ind1=" " ind2=" ">
   <subfield code="a">Μέρος Ι τχ. 4Α (2004)</subfield>
   <subfield code="b">Main run</subfield>
  </datafield>
  <datafield tag="951" ind1=" " ind2=" ">
   <subfield code="a">Μέρος Ι τχ. 4Β (2004)</subfield>
   <subfield code="b">Main run</subfield>
  </datafield>
  <datafield tag="951" ind1=" " ind2=" ">
   <subfield code="a">Μέρος Ι τχ. 4Γ (2004)</subfield>
   <subfield code="b">Main run</subfield>
  </datafield>
  <datafield tag="951" ind1=" " ind2=" ">
   <subfield code="a">Μέρος Ι τχ. 7 (2004)</subfield>
   <subfield code="b">Main run</subfield>
  </datafield>
  <datafield tag="951" ind1=" " ind2=" ">
   <subfield code="a">Μέρος Ι τχ. 5/6 (2004)</subfield>
   <subfield code="b">Main run</subfield>
  </datafield>
  <datafield tag="951" ind1=" " ind2=" ">
   <subfield code="a">Μέρος Ι τχ. 7Β (2004)</subfield>
   <subfield code="b">Main run</subfield>
  </datafield>
  <datafield tag="951" ind1=" " ind2=" ">
   <subfield code="a">Μέρος ΙΙ τχ. 5/6 (2004)</subfield>
   <subfield code="b">Main run</subfield>
  </datafield>
  <datafield tag="951" ind1=" " ind2=" ">
   <subfield code="a">Μέρος Ι τχ. 8/9Α (2004)</subfield>
   <subfield code="b">Main run</subfield>
  </datafield>
  <datafield tag="951" ind1=" " ind2=" ">
   <subfield code="a">Μέρος Ι τχ. 8/9Β (2004)</subfield>
   <subfield code="b">Main run</subfield>
  </datafield>
  <datafield tag="951" ind1=" " ind2=" ">
   <subfield code="a">Μέρος Ι τχ. 10Β (2004)</subfield>
   <subfield code="b">Main run</subfield>
  </datafield>
  <datafield tag="951" ind1=" " ind2=" ">
   <subfield code="a">Μέρος Ι τχ. 10Α (2004)</subfield>
   <subfield code="b">Main run</subfield>
  </datafield>
  <datafield tag="951" ind1=" " ind2=" ">
   <subfield code="a">Μέρος Ι τχ. 11Β (2004)</subfield>
   <subfield code="b">Main run</subfield>
  </datafield>
  <datafield tag="951" ind1=" " ind2=" ">
   <subfield code="a">Μέρος Ι τχ. 11Α (2004)</subfield>
   <subfield code="b">Main run</subfield>
  </datafield>
  <datafield tag="951" ind1=" " ind2=" ">
   <subfield code="a">Μέρος Ι τχ. 12 (2004)</subfield>
   <subfield code="b">Main run</subfield>
  </datafield>
  <datafield tag="951" ind1=" " ind2=" ">
   <subfield code="a">Μέρος Ι τχ. 1 (2005)</subfield>
   <subfield code="b">Main run</subfield>
  </datafield>
  <datafield tag="951" ind1=" " ind2=" ">
   <subfield code="a">Μέρος Ι τχ. 2 (2005)</subfield>
   <subfield code="b">Main run</subfield>
  </datafield>
  <datafield tag="951" ind1=" " ind2=" ">
   <subfield code="a">Μέρος ΙΙ τχ. 3/4 (2005)</subfield>
   <subfield code="b">Main run</subfield>
  </datafield>
  <datafield tag="951" ind1=" " ind2=" ">
   <subfield code="a">Μέρος ΙΙ τχ. 7/8Α (2004)</subfield>
   <subfield code="b">Main run</subfield>
  </datafield>
  <datafield tag="951" ind1=" " ind2=" ">
   <subfield code="a">Μέρος ΙΙ τχ. 9/10 (2004)</subfield>
   <subfield code="b">Main run</subfield>
  </datafield>
  <datafield tag="951" ind1=" " ind2=" ">
   <subfield code="a">Μέρος ΙΙ τχ. 7/8Β (2004)</subfield>
   <subfield code="b">Main run</subfield>
  </datafield>
  <datafield tag="951" ind1=" " ind2=" ">
   <subfield code="a">Μέρος ΙΙ τχ. 11/12 (2004)</subfield>
   <subfield code="b">Main run</subfield>
  </datafield>
  <datafield tag="951" ind1=" " ind2=" ">
   <subfield code="a">Μέρος ΙΙ τχ. 1/2 (2005)</subfield>
   <subfield code="b">Main run</subfield>
  </datafield>
  <datafield tag="951" ind1=" " ind2=" ">
   <subfield code="a">Μέρος Ι τχ. 3Α (2005)</subfield>
   <subfield code="b">Main run</subfield>
  </datafield>
  <datafield tag="951" ind1=" " ind2=" ">
   <subfield code="a">Μέρος Ι τχ. 3Β (2005)</subfield>
   <subfield code="b">Main run</subfield>
  </datafield>
  <datafield tag="951" ind1=" " ind2=" ">
   <subfield code="a">Μέρος Ι τχ. 4Α (2005)</subfield>
   <subfield code="b">Main run</subfield>
  </datafield>
  <datafield tag="951" ind1=" " ind2=" ">
   <subfield code="a">Μέρος Ι τχ. 4Β (2005)</subfield>
   <subfield code="b">Main run</subfield>
  </datafield>
  <datafield tag="951" ind1=" " ind2=" ">
   <subfield code="a">Μέρος Ι τχ. 5Β (2005)</subfield>
   <subfield code="b">Main run</subfield>
  </datafield>
  <datafield tag="951" ind1=" " ind2=" ">
   <subfield code="a">Μέρος Ι τχ. 6Α (2005)</subfield>
   <subfield code="b">Main run</subfield>
  </datafield>
  <datafield tag="951" ind1=" " ind2=" ">
   <subfield code="a">Μέρος Ι τχ. 6Β (2005)</subfield>
   <subfield code="b">Main run</subfield>
  </datafield>
  <datafield tag="951" ind1=" " ind2=" ">
   <subfield code="a">Μέρος Ι τχ. 7Α (2005)</subfield>
   <subfield code="b">Main run</subfield>
  </datafield>
  <datafield tag="951" ind1=" " ind2=" ">
   <subfield code="a">Μέρος Ι τχ. 5/6Α (2005)</subfield>
   <subfield code="b">Main run</subfield>
  </datafield>
  <datafield tag="951" ind1=" " ind2=" ">
   <subfield code="a">Μέρος Ι τχ. 5/6Β (2005)</subfield>
   <subfield code="b">Main run</subfield>
  </datafield>
  <datafield tag="951" ind1=" " ind2=" ">
   <subfield code="a">Μέρος Ι τχ. 7/8 (2005)</subfield>
   <subfield code="b">Main run</subfield>
  </datafield>
  <datafield tag="951" ind1=" " ind2=" ">
   <subfield code="a">Μέρος Ι τχ. 7Β (2005)</subfield>
   <subfield code="b">Main run</subfield>
  </datafield>
  <datafield tag="951" ind1=" " ind2=" ">
   <subfield code="a">Μέρος Ι τχ. 8/9Α (2005)</subfield>
   <subfield code="b">Main run</subfield>
  </datafield>
  <datafield tag="951" ind1=" " ind2=" ">
   <subfield code="a">Μέρος Ι τχ. 8/9Β (2005)</subfield>
   <subfield code="b">Main run</subfield>
  </datafield>
  <datafield tag="951" ind1=" " ind2=" ">
   <subfield code="a">Μέρος Ι τχ. 10Α (2005)</subfield>
   <subfield code="b">Main run</subfield>
  </datafield>
  <datafield tag="951" ind1=" " ind2=" ">
   <subfield code="a">Μέρος Ι τχ. 10Β (2005)</subfield>
   <subfield code="b">Main run</subfield>
  </datafield>
  <datafield tag="951" ind1=" " ind2=" ">
   <subfield code="a">Μέρος Ι τχ. 11 (2005)</subfield>
   <subfield code="b">Main run</subfield>
  </datafield>
  <datafield tag="951" ind1=" " ind2=" ">
   <subfield code="a">Μέρος Ι τχ. 12Α (2005)</subfield>
   <subfield code="b">Main run</subfield>
  </datafield>
  <datafield tag="951" ind1=" " ind2=" ">
   <subfield code="a">Μέρος ΙΙ τχ. 9/10Α (2005)</subfield>
   <subfield code="b">Main run</subfield>
  </datafield>
  <datafield tag="951" ind1=" " ind2=" ">
   <subfield code="a">Μέρος ΙΙ τχ. 11/12Α (2005)</subfield>
   <subfield code="b">Main run</subfield>
  </datafield>
  <datafield tag="951" ind1=" " ind2=" ">
   <subfield code="a">Μέρος ΙΙ τχ. 11/12Β (2005)</subfield>
   <subfield code="b">Main run</subfield>
  </datafield>
  <datafield tag="951" ind1=" " ind2=" ">
   <subfield code="a">Μέρος Ι τχ. 1Α (2006) - Μέρος Ι τχ. 12 (2006)</subfield>
   <subfield code="b">Main run</subfield>
  </datafield>
  <datafield tag="951" ind1=" " ind2=" ">
   <subfield code="a">Μέρος ΙΙ τχ. 9/10Β (2005)</subfield>
   <subfield code="b">Main run</subfield>
  </datafield>
  <datafield tag="951" ind1=" " ind2=" ">
   <subfield code="a">Μέρος Ι τχ. 12Β (2005)</subfield>
   <subfield code="b">Main run</subfield>
  </datafield>
  <datafield tag="951" ind1=" " ind2=" ">
   <subfield code="a">Μέρος Ι τχ. 1Α (2007) - Μέρος Ι τχ. 12Γ (2007)</subfield>
   <subfield code="b">Main run</subfield>
  </datafield>
  <datafield tag="951" ind1=" " ind2=" ">
   <subfield code="a">Μέρος ΙΙ τχ. 9/10Α (2007)</subfield>
   <subfield code="b">Main run</subfield>
  </datafield>
  <datafield tag="951" ind1=" " ind2=" ">
   <subfield code="a">Μέρος ΙΙ τχ. 9/10Β (2007)</subfield>
   <subfield code="b">Main run</subfield>
  </datafield>
  <datafield tag="951" ind1=" " ind2=" ">
   <subfield code="a">Μέρος ΙΙ τχ. 11/12 (2007)</subfield>
   <subfield code="b">Main run</subfield>
  </datafield>
  <datafield tag="951" ind1=" " ind2=" ">
   <subfield code="a">Μέρος ΙΙ τχ. 1/2 (2007)</subfield>
   <subfield code="b">Main run</subfield>
  </datafield>
  <datafield tag="951" ind1=" " ind2=" ">
   <subfield code="a">Μέρος ΙΙ τχ. 3/4 (2007)</subfield>
   <subfield code="b">Main run</subfield>
  </datafield>
  <datafield tag="951" ind1=" " ind2=" ">
   <subfield code="a">Μέρος ΙΙ τχ. 5/6 (2007)</subfield>
   <subfield code="b">Main run</subfield>
  </datafield>
  <datafield tag="951" ind1=" " ind2=" ">
   <subfield code="a">Μέρος ΙΙ τχ. 7/8 (2007)</subfield>
   <subfield code="b">Main run</subfield>
  </datafield>
  <datafield tag="951" ind1=" " ind2=" ">
   <subfield code="a">Μέρος Ι τχ. 2 (2008)</subfield>
   <subfield code="b">Main run</subfield>
  </datafield>
  <datafield tag="951" ind1=" " ind2=" ">
   <subfield code="a">Μέρος Ι τχ. 3 (2008)</subfield>
   <subfield code="b">Main run</subfield>
  </datafield>
  <datafield tag="951" ind1=" " ind2=" ">
   <subfield code="a">Μέρος ΙΙ τχ. 1/2 (2008)</subfield>
   <subfield code="b">Main run</subfield>
  </datafield>
  <datafield tag="951" ind1=" " ind2=" ">
   <subfield code="a">Μέρος ΙΙ τχ. 3/4 (2008)</subfield>
   <subfield code="b">Main run</subfield>
  </datafield>
  <datafield tag="951" ind1=" " ind2=" ">
   <subfield code="a">Μέρος Ι τχ. 4Β (2008)</subfield>
   <subfield code="b">Main run</subfield>
  </datafield>
  <datafield tag="951" ind1=" " ind2=" ">
   <subfield code="a">Μέρος Ι τχ. 4A (2008)</subfield>
   <subfield code="b">Main run</subfield>
  </datafield>
  <datafield tag="951" ind1=" " ind2=" ">
   <subfield code="a">Μέρος Ι τχ. 5 (2008)</subfield>
   <subfield code="b">Main run</subfield>
  </datafield>
  <datafield tag="951" ind1=" " ind2=" ">
   <subfield code="a">Μέρος Ι τχ. 6 (2008)</subfield>
   <subfield code="b">Main run</subfield>
  </datafield>
  <datafield tag="951" ind1=" " ind2=" ">
   <subfield code="a">Μέρος ΙΙ τχ. 5/6 (2008)</subfield>
   <subfield code="b">Main run</subfield>
  </datafield>
  <datafield tag="951" ind1=" " ind2=" ">
   <subfield code="a">Μέρος Ι τχ. 7Α (2008)</subfield>
   <subfield code="b">Main run</subfield>
  </datafield>
  <datafield tag="951" ind1=" " ind2=" ">
   <subfield code="a">Μέρος Ι τχ. 7Β (2008)</subfield>
   <subfield code="b">Main run</subfield>
  </datafield>
  <datafield tag="951" ind1=" " ind2=" ">
   <subfield code="a">Μέρος Ι τχ. 8/9Α (2008)</subfield>
   <subfield code="b">Main run</subfield>
  </datafield>
  <datafield tag="951" ind1=" " ind2=" ">
   <subfield code="a">Μέρος ΙΙ τχ. 7/8 (2008)</subfield>
   <subfield code="b">Main run</subfield>
  </datafield>
 </record>
</collection>
